[Event "Spanish League 2011"]
[Site "Melilla ESP"]
[Date "2011.11.22"]
[Round "2"]
[White "Mchedlishvili, M."]
[Black "Shirov, A."]
[Result "1/2-1/2"]
[WhiteElo "2636"]
[BlackElo "2705"]
[PlyCount "95"]
[EventDate "2011.11.21"]
[WhiteTeam "CA Reverte Albox"]
[BlackTeam "Gros Xake Taldea"]

1. d4 d5 2. Nf3 Nf6 3. c4 c6 4. e3 Bf5 5. Nc3 e6 6. Nh4 Bg6 7. Qb3 Qc7 8. Nxg6
hxg6 9. g3 Nbd7 10. Bd2 Be7 11. Bg2 O-O 12. O-O Nb6 13. cxd5 cxd5 14. Rfc1 Nc4
15. Be1 Qd7 16. e4 Na5 17. Qd1 Nc6 18. e5 Ne8 19. Ne2 Nc7 20. h4 Rfc8 21. Bd2
Bd8 22. Bf1 Ne7 23. Nc3 Nf5 24. Be1 Na6 25. Na4 Rxc1 26. Rxc1 Rc8 27. Rxc8 Qxc8
28. Bc3 Be7 29. a3 Qc6 30. b4 Nc7 31. Bb2 b6 32. Nc3 b5 33. Ne2 Na8 34. Nc1 Nb6
35. Nb3 Nc4 36. Bc1 Bd8 37. Kg2 a5 38. bxa5 Nxa5 39. Nxa5 Bxa5 40. Bb2 Bb6 41.
Qd2 Qb7 42. Bxb5 Bxd4 43. a4 Ba7 44. Qe2 g5 45. Bc1 f6 46. exf6 gxf6 47. Qd1
Kf7 48. Bf1 1/2-1/2

[Event "Spanish League 2011"]
[Site "Melilla ESP"]
[Date "2011.11.22"]
[Round "2"]
[White "Dominguez Perez, L."]
[Black "Vallejo Pons, F."]
[Result "1/2-1/2"]
[WhiteElo "2712"]
[BlackElo "2705"]
[PlyCount "89"]
[EventDate "2011.11.21"]
[WhiteTeam "CA Sestao Naturgas Energia"]
[BlackTeam "Colegio Marcote-EIKM"]

1. c4 c6 2. Nf3 d5 3. g3 dxc4 4. Bg2 Nd7 5. O-O g6 6. Na3 Nb6 7. Qc2 Bg7 8.
Nxc4 Nxc4 9. Qxc4 Nf6 10. d3 O-O 11. Bd2 Nd5 12. Rab1 a5 13. Bc3 Nxc3 14. bxc3
a4 15. Qb4 a3 16. Rfc1 Ra6 17. Nd2 Qc7 18. Rb3 Qd6 19. Rc2 Rd8 20. Qxd6 exd6
21. Nc4 b5 22. Nxa3 Be6 23. c4 b4 24. Nb1 c5 25. a3 Rb8 26. h4 Bd7 27. Ra2 Rbb6
28. Nd2 Ba4 29. Rb1 b3 30. Rab2 Bxb2 31. Rxb2 Bd7 32. Nb1 h6 33. Kf1 g5 34.
hxg5 hxg5 35. Ke1 Kg7 36. Kd2 Rb8 37. Bd5 f5 38. Kc3 Ba4 39. Rd2 Bd7 40. Kb2
Rab6 41. Nc3 Ra6 42. Rd1 Rh8 43. Rh1 Rxh1 44. Bxh1 Ba4 45. Bb7 1/2-1/2

[Event "Spanish League 2011"]
[Site "Melilla ESP"]
[Date "2011.11.22"]
[Round "2"]
[White "Naiditsch, A."]
[Black "Vachier Lagrave, M."]
[Result "0-1"]
[WhiteElo "2712"]
[BlackElo "2710"]
[PlyCount "78"]
[EventDate "2011.11.21"]
[WhiteTeam "Colegio Marcote-EIKM"]
[BlackTeam "CA Sestao Naturgas Energia"]

1. e4 c5 2. Nf3 d6 3. d4 cxd4 4. Nxd4 Nf6 5. Nc3 a6 6. Bg5 e6 7. f4 h6 8. Bh4
Qb6 9. a3 Be7 10. Bf2 Qc7 11. Qf3 Nc6 12. O-O-O Bd7 13. Be2 Rc8 14. g4 Nxd4 15.
Rxd4 Bc6 16. g5 hxg5 17. fxg5 Nd7 18. Qg3 Nc5 19. Bf3 Na4 20. Nxa4 Bxa4 21. c3
Bd7 22. g6 f6 23. h4 e5 24. Rd5 Qc4 25. h5 Qa2 26. Be1 Qa1+ 27. Kc2 Ba4+ 28.
Kd3 Qxb2 29. Qg2 Bb5+ 30. Ke3 Rxc3+ 31. Bxc3 Qxc3+ 32. Kf2 Bc6 33. Rdd1 d5 34.
exd5 Bc5+ 35. Kg3 e4 36. dxc6 Qe5+ 37. Kg4 exf3 38. Qd2 f5+ 39. Kxf3 Qe4+ 0-1

[Event "Spanish League 2011"]
[Site "Melilla ESP"]
[Date "2011.11.22"]
[Round "2"]
[White "Giri, A."]
[Black "Jobava, Ba"]
[Result "0-1"]
[WhiteElo "2714"]
[BlackElo "2678"]
[PlyCount "102"]
[EventDate "2011.11.21"]
[WhiteTeam "CA Sestao Naturgas Energia"]
[BlackTeam "Colegio Marcote-EIKM"]

1. d4 Nf6 2. c4 e6 3. Nf3 Bb4+ 4. Bd2 Bxd2+ 5. Qxd2 d5 6. Nc3 O-O 7. e3 Qe7 8.
cxd5 exd5 9. Bd3 Nc6 10. O-O Rd8 11. a3 Bg4 12. Ne1 Bh5 13. b4 a6 14. f3 Na7
15. Nc2 Bg6 16. a4 Nc8 17. Rae1 Nd6 18. Bxg6 hxg6 19. Qd3 Re8 20. Re2 c6 21. a5
g5 22. g4 Rad8 23. h3 Nb5 24. Rh2 Nh7 25. Ne2 Nf8 26. Ng3 Qc7 27. Kf2 Ng6 28.
Rfh1 Nh4 29. Nf5 Nd6 30. Nxh4 gxh4 31. g5 Re6 32. Rg2 f5 33. gxf6 Rxf6 34. Rg4
Ne4+ 35. Kg2 Ng3 36. Rb1 Rdf8 37. Ne1 Qe7 38. Rb3 Re6 39. Nc2 Nf5 40. Kf2 Nh6
41. Rg1 Nf7 42. Kg2 Nd6 43. Rbb1 Nf5 44. Rbe1 Rg6+ 45. Kf2 Rg3 46. e4 dxe4 47.
Rxe4 Qg5 48. Rg4 Rxf3+ 49. Kxf3 Ng3+ 50. Kg2 Qd5+ 51. Re4 Nxe4 0-1

[Event "Spanish League 2011"]
[Site "Melilla ESP"]
[Date "2011.11.23"]
[Round "3"]
[White "Sargissian, G."]
[Black "Dominguez Perez, L."]
[Result "0-1"]
[WhiteElo "2671"]
[BlackElo "2712"]
[PlyCount "114"]
[EventDate "2011.11.21"]
[WhiteTeam "CA Linex-Magic"]
[BlackTeam "CA Sestao Naturgas Energia"]

1. d4 Nf6 2. c4 g6 3. Nf3 Bg7 4. g3 c5 5. d5 b5 6. cxb5 a6 7. bxa6 O-O 8. Nc3
d6 9. Bg2 Nbd7 10. O-O Nb6 11. Nh4 Bxa6 12. Qc2 Nfd7 13. Rd1 Nc4 14. a3 Qa5 15.
Ra2 Rfb8 16. Ne4 Qb5 17. b4 cxb4 18. axb4 Qxb4 19. Bh3 Nf6 20. Nxf6+ Bxf6 21.
Nf3 Bb5 22. Rxa8 Rxa8 23. Bg5 Na3 24. Qd2 Qxd2 25. Rxd2 Bc3 26. Bxe7 Bxd2 27.
Nxd2 Bxe2 28. Bf1 Bxf1 29. Kxf1 Nb5 30. Ne4 Ra1+ 31. Kg2 Re1 32. Nxd6 Nc7 33.
Bg5 Nxd5 34. Nc4 f6 35. Ne3 Nxe3+ 36. Bxe3 Kf7 37. g4 Ke6 38. h3 Rd1 39. Bh6
Rd3 40. f3 Ke5 41. Kg3 Rb3 42. Bf8 Rb6 43. Bc5 Rc6 44. Be7 Kd4 45. Kf2 Kd3 46.
Bd8 Re6 47. Ba5 Re2+ 48. Kg3 Re8 49. Bb6 Ke2 50. Bd4 Re6 51. Kg2 Rd6 52. Bb2 f5
53. gxf5 gxf5 54. Kg3 Rd3 55. Kf4 Rxf3+ 56. Kg5 Ke3 57. h4 f4 0-1

[Event "Spanish League 2011"]
[Site "Melilla ESP"]
[Date "2011.11.23"]
[Round "3"]
[White "Vachier Lagrave, M."]
[Black "Bologan, V."]
[Result "1/2-1/2"]
[WhiteElo "2710"]
[BlackElo "2665"]
[PlyCount "84"]
[EventDate "2011.11.21"]
[WhiteTeam "CA Sestao Naturgas Energia"]
[BlackTeam "CA Linex-Magic"]

1. c4 c5 2. Nc3 Nc6 3. Nf3 g6 4. e3 Nf6 5. d4 cxd4 6. exd4 d5 7. Bg5 Be6 8.
Bxf6 exf6 9. c5 Bg7 10. Bb5 O-O 11. h3 Ne7 12. O-O f5 13. Re1 h6 14. Qd2 a6 15.
Ba4 b5 16. cxb6 Qxb6 17. Bb3 Qb4 18. Rad1 a5 19. Na4 Rfb8 20. Qe3 Qd6 21. Nc5
f4 22. Qe2 Rb6 23. Rd2 Ra7 24. Nxe6 Qxe6 25. Qd1 Qd6 26. Ne5 Qb4 27. Nd3 Qd6
28. Ne5 h5 29. Ba4 Nf5 30. Nf3 Bf6 31. Bc2 Ng7 32. b3 Rc6 33. Ne5 Rc3 34. Rd3
Rc8 35. Qd2 Qb4 36. Bb1 Nf5 37. Qxb4 axb4 38. Rdd1 Nxd4 39. Rxd4 Bxe5 40. Rxe5
Rc1+ 41. Kh2 Rxb1 42. Rexd5 f3 1/2-1/2

[Event "Spanish League 2011"]
[Site "Melilla ESP"]
[Date "2011.11.23"]
[Round "3"]
[White "Svetushkin, D."]
[Black "Giri, A."]
[Result "1/2-1/2"]
[WhiteElo "2621"]
[BlackElo "2714"]
[PlyCount "100"]
[EventDate "2011.11.21"]
[WhiteTeam "CA Linex-Magic"]
[BlackTeam "CA Sestao Naturgas Energia"]

1. e4 e6 2. d4 d5 3. Nc3 Bb4 4. e5 c5 5. a3 Bxc3+ 6. bxc3 Ne7 7. Qg4 Qc7 8.
Qxg7 Rg8 9. Qxh7 cxd4 10. Ne2 Nbc6 11. f4 dxc3 12. Qd3 d4 13. h4 b6 14. Nxd4
Nxd4 15. Qxd4 Nf5 16. Bb5+ Bd7 17. Qxd7+ Qxd7 18. Bxd7+ Kxd7 19. Rh2 Rg4 20. h5
Rag8 21. h6 Rh8 22. Kf2 Rg6 23. h7 Rg7 24. Be3 Rgxh7 25. Rd1+ Kc6 26. Rxh7 Rxh7
27. Rd3 Rg7 28. Rxc3+ Kd5 29. Bd2 b5 30. Rd3+ Ke4 31. Rb3 a6 32. a4 Nd4 33. Rb4
a5 34. Rb2 bxa4 35. Ra2 a3 36. Rxa3 Nxc2 37. Ra4+ Nb4 38. Bxb4 axb4 39. Rxb4+
Kf5 40. Kf3 Rg8 41. Rb6 Kg6 42. g4 Ra8 43. f5+ Kg5 44. fxe6 fxe6 45. Rxe6 Ra3+
46. Ke4 Ra4+ 47. Kd5 Ra5+ 48. Kd6 Kxg4 49. Re8 Kf5 50. Rf8+ Kg6 1/2-1/2

[Event "Spanish League 2011"]
[Site "Melilla ESP"]
[Date "2011.11.23"]
[Round "3"]
[White "Vallejo Pons, F."]
[Black "Ponomariov, R."]
[Result "0-1"]
[WhiteElo "2705"]
[BlackElo "2723"]
[PlyCount "72"]
[EventDate "2011.11.21"]
[WhiteTeam "Colegio Marcote-EIKM"]
[BlackTeam "Gros Xake Taldea"]

1. e4 e5 2. Nf3 Nc6 3. Bc4 Bc5 4. c3 Nf6 5. d4 exd4 6. e5 d5 7. Be2 Ne4 8. cxd4
Bb4+ 9. Bd2 Nxd2 10. Nbxd2 O-O 11. O-O f6 12. a3 Ba5 13. Bb5 Ne7 14. Qc2 Bf5
15. Bd3 Bxd3 16. Qxd3 Ng6 17. g3 c5 18. b4 cxb4 19. Nb3 bxa3 20. Nxa5 Qxa5 21.
Qb3 fxe5 22. Rxa3 Qd8 23. dxe5 Qd7 24. e6 Qxe6 25. Qxb7 a5 26. Nd4 Qe4 27. Rd1
Rab8 28. Qa6 Rb1 29. Rad3 Rxd1+ 30. Rxd1 Ne5 31. Qxa5 Ng4 32. Nc6 Ne3 33. fxe3
Qxe3+ 34. Kg2 Rf2+ 35. Kh3 Qh6+ 36. Kg4 Qg6+ 0-1

[Event "Spanish League 2011"]
[Site "Melilla ESP"]
[Date "2011.11.23"]
[Round "3"]
[White "Shirov, A."]
[Black "Naiditsch, A."]
[Result "1-0"]
[WhiteElo "2705"]
[BlackElo "2712"]
[PlyCount "61"]
[EventDate "2011.11.21"]
[WhiteTeam "Gros Xake Taldea"]
[BlackTeam "Colegio Marcote-EIKM"]

1. e4 e5 2. Nf3 Nc6 3. Bb5 Nf6 4. O-O Nxe4 5. d4 Nd6 6. Bxc6 dxc6 7. dxe5 Nf5
8. Qxd8+ Kxd8 9. Nc3 h6 10. h3 Bd7 11. b3 c5 12. Rd1 Kc8 13. Nd5 a5 14. a4 Ne7
15. c4 Bf5 16. Ra2 Ra6 17. Nc3 g5 18. Rad2 Nc6 19. Nd5 Bg7 20. Bb2 Be4 21. Re2
Bxf3 22. gxf3 Re8 23. Kf1 Nd4 24. Bxd4 cxd4 25. Rxd4 c6 26. Ne3 Bxe5 27. Re4
Re6 28. Nf5 f6 29. Nxh6 Rb6 30. R2e3 Rd6 31. c5 1-0

[Event "Spanish League 2011"]
[Site "Melilla ESP"]
[Date "2011.11.23"]
[Round "3"]
[White "Jobava, Ba"]
[Black "Bacrot, E."]
[Result "0-1"]
[WhiteElo "2678"]
[BlackElo "2714"]
[PlyCount "70"]
[EventDate "2011.11.21"]
[WhiteTeam "Colegio Marcote-EIKM"]
[BlackTeam "Gros Xake Taldea"]

1. d4 Nf6 2. c4 g6 3. g3 d5 4. cxd5 Nxd5 5. Bg2 Bg7 6. e4 Nb6 7. Ne2 c5 8. d5
e6 9. O-O exd5 10. exd5 O-O 11. Nec3 Na6 12. Na3 Bf5 13. g4 Bd7 14. h3 f5 15.
d6 fxg4 16. Bxb7 Qh4 17. Ne4 Rae8 18. Bg5 Qxh3 19. Be7 Rf3 20. Bd5+ Nxd5 21.
Qxd5+ Kh8 22. Ng5 Qh5 23. Rfe1 h6 24. Bf6 Rxe1+ 25. Rxe1 Rxf6 26. Re7 Qxg5 27.
Qxg5 hxg5 28. Rxd7 Nb8 29. Rc7 Rf8 30. Rxa7 Bd4 31. Nc2 g3 32. Nxd4 gxf2+ 33.
Kf1 cxd4 34. Ra5 g4 35. Rg5 Rf4 0-1

[Event "Spanish League 2011"]
[Site "Melilla ESP"]
[Date "2011.11.23"]
[Round "4"]
[White "Dreev, A."]
[Black "Vallejo Pons, F."]
[Result "1/2-1/2"]
[WhiteElo "2710"]
[BlackElo "2705"]
[PlyCount "197"]
[EventDate "2011.11.21"]
[WhiteTeam "CA Reverte Albox"]
[BlackTeam "Colegio Marcote-EIKM"]

1. d4 d5 2. c4 c6 3. Nf3 Nf6 4. e3 Bf5 5. Nc3 a6 6. Bd3 Bxd3 7. Qxd3 e6 8. O-O
Bb4 9. Bd2 O-O 10. Rfd1 Ba5 11. Rab1 Nbd7 12. b4 Bc7 13. a4 Nb6 14. c5 Nc4 15.
e4 dxe4 16. Nxe4 Nxe4 17. Qxc4 Qd7 18. Be1 Nf6 19. b5 Nd5 20. bxc6 Qxc6 21. a5
Rab8 22. Rb3 Ne7 23. Rdb1 Nc8 24. Qd3 Qd5 25. c6 Qxc6 26. Ng5 g6 27. Rc3 Qd6
28. Qh3 h5 29. Ne4 Qf4 30. f3 Nd6 31. Bg3 Nxe4 32. Bxf4 Nxc3 33. Bxc7 Nxb1 34.
Bxb8 Rxb8 35. d5 exd5 36. Qd7 Nc3 37. Kf1 Nb5 38. Qxd5 Na7 39. Qd7 Nc6 40. Qc7
Rd8 41. Qxb7 Nxa5 42. Qxa6 Nb3 43. Qb6 Nd2+ 44. Ke2 Rd5 45. Qb8+ Kg7 46. Qb2+
Kg8 47. Qa2 Rd8 48. Qa5 Rd6 49. Qb4 Rd5 50. f4 Kg7 51. Qb2+ Kg8 52. Qc2 Kg7 53.
Qc3+ Kh7 54. Qc2 Kg7 55. g3 Rd6 56. Qb2+ Kf8 57. Qb8+ Ke7 58. f5 gxf5 59. Qc7+
Ke6 60. Qc8+ Kf6 61. Qh8+ Kg6 62. Qg8+ Kf6 63. Qh7 Ne4 64. Ke3 Re6 65. Kf4 Nd6
66. Qh6+ Ke7 67. Qxh5 Re4+ 68. Kf3 Rg4 69. Qh7 Rg6 70. Qh4+ Ke6 71. Qa4 Ne4 72.
Qa6+ Ke5 73. Qe2 Kf6 74. Qb2+ Ke6 75. Qb6+ Ke5 76. Qd8 Ke6 77. Qc8+ Kf6 78.
Qd8+ Ke6 79. Qb6+ Ke5 80. Qa5+ Kf6 81. Qa1+ Ke6 82. Qe1 Kf6 83. Qa1+ Ke6 84.
Qh8 Nxg3 85. hxg3 Rg4 86. Qc8+ Kf6 87. Qc3+ Ke6 88. Qc6+ Ke7 89. Qd5 Kf6 90.
Qd6+ Kg7 91. Qc6 Re4 92. Qc3+ Kg6 93. Qh8 Rg4 94. Kg2 Re4 95. Kh3 Rg4 96. Qg8+
Kf6 97. Qh7 Ke6 98. Qh6+ Ke7 99. Qc6 1/2-1/2

[Event "Spanish League 2011"]
[Site "Melilla ESP"]
[Date "2011.11.23"]
[Round "4"]
[White "Ponomariov, R."]
[Black "Sargissian, G."]
[Result "1-0"]
[WhiteElo "2723"]
[BlackElo "2671"]
[PlyCount "131"]
[EventDate "2011.11.21"]
[WhiteTeam "Gros Xake Taldea"]
[BlackTeam "CA Linex-Magic"]

1. e4 e5 2. Nf3 Nc6 3. Bb5 Nf6 4. d3 Bc5 5. c3 O-O 6. O-O d6 7. Nbd2 a6 8. Bxc6
bxc6 9. d4 exd4 10. cxd4 Bb6 11. Qc2 Re8 12. Re1 c5 13. d5 Bg4 14. b3 Ba5 15.
Re3 c6 16. dxc6 d5 17. exd5 Rxe3 18. fxe3 Qxd5 19. Bb2 Bf5 20. Qc1 Ne4 21. Qc4
Qxc6 22. Ne5 Qb7 23. Nxe4 Bxe4 24. Rd1 Rf8 25. Qxc5 Bb6 26. Qc3 Qc8 27. Qxc8
Rxc8 28. Nc4 Rd8 29. Bd4 Bc5 30. Kf2 f6 31. Rd2 Be7 32. Bc5 Rxd2+ 33. Nxd2 Bxc5
34. Nxe4 Be7 35. Nd2 Kf7 36. e4 Ke6 37. Nc4 Bc5+ 38. Kf3 h5 39. h3 g6 40. a3 a5
41. Nxa5 Bxa3 42. Nc4 Bf8 43. Nb2 f5 44. Nd3 g5 45. Ke3 Be7 46. Kd4 fxe4 47.
Kxe4 Kd6 48. Kf5 Kd5 49. Ne5 g4 50. Ng6 Bd8 51. Nf4+ Kd6 52. Nxh5 gxh3 53. gxh3
Bh4 54. Ke4 Kc5 55. Kd3 Kb4 56. Kc2 Kc5 57. Ng7 Bf6 58. Nf5 Kd5 59. Kd3 Ke5 60.
Ne3 Bd8 61. Ng2 Be7 62. h4 Kf5 63. Kc4 Kg4 64. b4 Kg3 65. b5 Kxg2 66. h5 1-0

[Event "Spanish League 2011"]
[Site "Melilla ESP"]
[Date "2011.11.23"]
[Round "4"]
[White "Bologan, V."]
[Black "Bacrot, E."]
[Result "1-0"]
[WhiteElo "2665"]
[BlackElo "2714"]
[PlyCount "103"]
[EventDate "2011.11.21"]
[WhiteTeam "CA Linex-Magic"]
[BlackTeam "Gros Xake Taldea"]

1. e4 e5 2. Nf3 Nc6 3. Bb5 Nf6 4. O-O Nxe4 5. d4 Nd6 6. Bxc6 dxc6 7. dxe5 Nf5
8. Qxd8+ Kxd8 9. Nc3 Ke8 10. h3 h5 11. Bg5 Be6 12. a3 Be7 13. Rad1 f6 14. Bf4
Rc8 15. Rfe1 Kf7 16. Rd2 h4 17. exf6 gxf6 18. Rde2 Bd7 19. Nd1 c5 20. Ne3 Nxe3
21. Rxe3 Bf8 22. c3 a5 23. Nd2 a4 24. Ne4 Rh5 25. c4 Bc6 26. Rd1 Kg6 27. Nc3
Rh7 28. Kf1 Re7 29. Rxe7 Bxe7 30. Nd5 Bd8 31. f3 Kf7 32. Be3 b6 33. Bf2 f5 34.
Be1 Bxd5 35. Rxd5 Bf6 36. Rxf5 Kg6 37. Rxf6+ Kxf6 38. Bxh4+ Ke5 39. Kf2 Kd4 40.
Bf6+ Kxc4 41. h4 b5 42. h5 Kd5 43. f4 Rf8 44. Be5 Rf5 45. h6 Rh5 46. Bg7 Ke6
47. g4 Rh4 48. Kg3 Rh1 49. f5+ Kf7 50. g5 Kg8 51. g6 b4 52. Kf4 1-0

[Event "Spanish League 2011"]
[Site "Melilla ESP"]
[Date "2011.11.23"]
[Round "4"]
[White "Dominguez Perez, L."]
[Black "Fedorchuk, S."]
[Result "1-0"]
[WhiteElo "2712"]
[BlackElo "2632"]
[PlyCount "91"]
[EventDate "2011.11.21"]
[WhiteTeam "CA Sestao Naturgas Energia"]
[BlackTeam "Cajacanarias"]

1. c4 e5 2. g3 Nf6 3. Bg2 h6 4. Nc3 Bb4 5. d3 O-O 6. Bd2 Nc6 7. Nf3 Re8 8. O-O
Bxc3 9. Bxc3 d5 10. cxd5 Nxd5 11. Rc1 Nxc3 12. bxc3 Be6 13. Qa4 Rb8 14. Nd2 Bd7
15. Rfe1 Re6 16. Qc2 b6 17. Nb3 a5 18. e3 Na7 19. d4 Bc6 20. Bxc6 Nxc6 21. Red1
Rd6 22. Nd2 Rd7 23. Nc4 Qf6 24. d5 b5 25. dxc6 Rxd1+ 26. Qxd1 bxc4 27. Qd7 Rb6
28. Qc8+ Kh7 29. Qxc7 Rxc6 30. Qxa5 Rd6 31. Qb5 Rd2 32. Rf1 Qe6 33. a4 g6 34.
a5 Ra2 35. Rd1 Qf6 36. Rf1 Qe6 37. e4 h5 38. h4 Ra3 39. Rc1 Ra2 40. Rf1 Ra3 41.
Rc1 Ra2 42. Qc5 Qd7 43. Rf1 Qe6 44. Kg2 Qf6 45. Rb1 Qd8 46. Qxc4 1-0

[Event "Spanish League 2011"]
[Site "Melilla ESP"]
[Date "2011.11.23"]
[Round "4"]
[White "Kuzubov, Y."]
[Black "Vachier Lagrave, M."]
[Result "1/2-1/2"]
[WhiteElo "2621"]
[BlackElo "2710"]
[PlyCount "62"]
[EventDate "2011.11.21"]
[WhiteTeam "Cajacanarias"]
[BlackTeam "CA Sestao Naturgas Energia"]

1. e4 c5 2. Nf3 d6 3. d4 cxd4 4. Nxd4 Nf6 5. Nc3 a6 6. Bc4 e6 7. Bb3 Nbd7 8.
O-O Nc5 9. Qe2 Be7 10. f4 O-O 11. Kh1 Qb6 12. e5 Nxb3 13. Nxb3 Ne8 14. a4 Bd7
15. Be3 Qc7 16. a5 Rc8 17. Rad1 d5 18. Bb6 Qc4 19. Qe3 f6 20. Kg1 fxe5 21. fxe5
Nc7 22. Rxf8+ Rxf8 23. Qd3 Qxd3 24. cxd3 Rc8 25. Nc5 Bxc5+ 26. Bxc5 Nb5 27. d4
Nxc3 28. bxc3 Bb5 29. Rd2 Rc7 30. Rf2 Rf7 31. h4 Rxf2 1/2-1/2

[Event "Spanish League 2011"]
[Site "Melilla ESP"]
[Date "2011.11.23"]
[Round "4"]
[White "Giri, A."]
[Black "Aleksandrov, A."]
[Result "1-0"]
[WhiteElo "2714"]
[BlackElo "2626"]
[PlyCount "111"]
[EventDate "2011.11.21"]
[WhiteTeam "CA Sestao Naturgas Energia"]
[BlackTeam "Cajacanarias"]

1. c4 e6 2. g3 d5 3. Bg2 dxc4 4. Qa4+ Nd7 5. Qxc4 c5 6. Nf3 a6 7. Qc2 Ne7 8. d4
Nc6 9. dxc5 Nxc5 10. O-O Bd7 11. a3 Qf6 12. Nc3 Qg6 13. Qd1 Rd8 14. b4 Bc8 15.
Bd2 Nd7 16. Bf4 e5 17. Be3 Be7 18. Nd5 Nf6 19. Nxe7 Rxd1 20. Nxg6 Rxf1+ 21.
Rxf1 hxg6 22. a4 Rh5 23. b5 axb5 24. axb5 Ne7 25. h4 Nfd5 26. Bd2 Bd7 27. Rc1
Bxb5 28. g4 Rh7 29. Nxe5 f6 30. Bxd5 Nxd5 31. Rc8+ Ke7 32. Nxg6+ Kf7 33. h5 Be8
34. e4 Nb6 35. Rc7+ Nd7 36. Rxb7 Ke6 37. Nf4+ Kd6 38. Nd5 g6 39. hxg6 Bxg6 40.
f3 f5 41. Bf4+ Kc5 42. Rc7+ Kd4 43. Be3+ Ke5 44. Nf4 Kd6 45. Ra7 fxe4 46. Ra6+
Kc7 47. Nd5+ Kb7 48. Rxg6 exf3 49. Bd4 Nf8 50. Rb6+ Kc8 51. Kf2 Rd7 52. Rf6 Rd8
53. Kxf3 Kd7 54. Bc5 Ne6 55. Nb6+ Kc6 56. Ke4 1-0

[Event "Spanish League 2011"]
[Site "Melilla ESP"]
[Date "2011.11.24"]
[Round "5"]
[White "Harikrishna, P."]
[Black "Dominguez Perez, L."]
[Result "0-1"]
[WhiteElo "2673"]
[BlackElo "2712"]
[PlyCount "92"]
[EventDate "2011.11.21"]
[WhiteTeam "CA Solvay"]
[BlackTeam "CA Sestao Naturgas Energia"]

1. d4 Nf6 2. c4 g6 3. Nc3 d5 4. cxd5 Nxd5 5. e4 Nxc3 6. bxc3 Bg7 7. Bc4 c5 8.
Ne2 Nc6 9. Be3 O-O 10. O-O e6 11. Rb1 cxd4 12. cxd4 b6 13. Rc1 Na5 14. Bd3 Bb7
15. Qd2 Rc8 16. Rxc8 Qxc8 17. Rc1 Qd7 18. h4 Rc8 19. h5 Rxc1+ 20. Qxc1 Qc6 21.
h6 Qxc1+ 22. Bxc1 Bf6 23. e5 Be7 24. Nc3 Nc6 25. Be4 Bb4 26. Bxc6 Bxc6 27. Nd1
Be7 28. f3 f5 29. Nf2 Bd5 30. a3 Bc4 31. Nh3 b5 32. Kf2 a5 33. Ke1 a4 34. Kd2
b4 35. axb4 Bxb4+ 36. Kc2 a3 37. Nf4 g5 38. Nd3 a2 39. Bb2 Bf8 40. Nc5 Bxh6 41.
Kc3 Bd5 42. Nd7 Bg7 43. Nb6 h5 44. Nxd5 exd5 45. Kb3 g4 46. Kxa2 Bh6 0-1

[Event "Spanish League 2011"]
[Site "Melilla ESP"]
[Date "2011.11.24"]
[Round "5"]
[White "Negi, P."]
[Black "Giri, A."]
[Result "1-0"]
[WhiteElo "2617"]
[BlackElo "2714"]
[PlyCount "69"]
[EventDate "2011.11.21"]
[WhiteTeam "CA Solvay"]
[BlackTeam "CA Sestao Naturgas Energia"]

1. e4 e6 2. d4 d5 3. Nc3 Bb4 4. Nge2 dxe4 5. a3 Be7 6. Nxe4 Nf6 7. Nxf6+ Bxf6
8. Be3 O-O 9. Qd2 b6 10. O-O-O Bb7 11. Nf4 Nd7 12. d5 e5 13. Nh5 Be7 14. f4
exf4 15. Bxf4 Bd6 16. Bh6 gxh6 17. Qxh6 Be5 18. Bb5 Kh8 19. Rhe1 Rg8 20. Bxd7
Qg5+ 21. Qxg5 Rxg5 22. g4 Bxh2 23. Bf5 Bd6 24. Nf6 Rg7 25. Rh1 Be5 26. Nxh7 Kg8
27. Rde1 Bxd5 28. Rh5 f6 29. Rxe5 fxe5 30. Nf6+ Kf7 31. Nxd5 c6 32. Nb4 c5 33.
Nc6 Kf6 34. Rh6+ Kg5 35. Re6 1-0

[Event "Spanish League 2011"]
[Site "Melilla ESP"]
[Date "2011.11.24"]
[Round "5"]
[White "Aleksandrov, A."]
[Black "Bacrot, E."]
[Result "1/2-1/2"]
[WhiteElo "2626"]
[BlackElo "2714"]
[PlyCount "109"]
[EventDate "2011.11.21"]
[WhiteTeam "Cajacanarias"]
[BlackTeam "Gros Xake Taldea"]

1. d4 Nf6 2. c4 g6 3. Nc3 Bg7 4. e4 d6 5. Bd3 O-O 6. Nge2 Nc6 7. O-O e5 8. d5
Nd4 9. Nxd4 exd4 10. Nb5 Re8 11. Re1 Ng4 12. h3 a6 13. hxg4 axb5 14. cxb5 Qh4
15. g3 Qxg4 16. Qxg4 Bxg4 17. Bd2 Bf3 18. a4 Re5 19. g4 Bxg4 20. Kg2 f5 21. f4
Ree8 22. a5 fxe4 23. Bxe4 d3 24. Bxd3 Bxb2 25. Rxe8+ Rxe8 26. Re1 Rc8 27. Kg3
Bd7 28. Re7 Rd8 29. a6 Bf6 30. Re1 bxa6 31. bxa6 Bd4 32. Re7 Rb8 33. Bc4 Bb5
34. Rxc7 Bxc4 35. Rxc4 Rb3+ 36. Kg2 Bc5 37. Bc1 Rb1 38. Ba3 Ra1 39. Ra4 Ba7 40.
Ra5 Kf7 41. Bb4 Rxa5 42. Bxa5 Ke7 43. Kg3 Kd7 44. Kg4 Kc8 45. Bd2 h6 46. Bc3
Be3 47. Bf6 Kc7 48. Be7 Kb6 49. Bxd6 Kxa6 50. Kf3 Bd2 51. Ke4 h5 52. Ke5 h4 53.
Bc5 h3 54. Bg1 g5 55. Ke4 1/2-1/2

[Event "Spanish League 2011"]
[Site "Melilla ESP"]
[Date "2011.11.24"]
[Round "5"]
[White "Sargissian, G."]
[Black "Dreev, A."]
[Result "1-0"]
[WhiteElo "2671"]
[BlackElo "2710"]
[PlyCount "97"]
[EventDate "2011.11.21"]
[WhiteTeam "CA Linex-Magic"]
[BlackTeam "CA Reverte Albox"]

1. d4 d5 2. c4 c6 3. Nc3 Nf6 4. e3 e6 5. Nf3 Nbd7 6. Qc2 b6 7. Bd3 Bb7 8. O-O
Be7 9. b3 dxc4 10. bxc4 c5 11. d5 exd5 12. cxd5 Nxd5 13. Nxd5 Bxd5 14. Rd1 Bf6
15. Rb1 Be6 16. e4 Qc7 17. Bg5 Ne5 18. Bb5+ Kf8 19. Nxe5 Qxe5 20. Be3 g5 21.
Bd7 Kg7 22. Bxe6 Qxe6 23. Rd5 h6 24. h4 Rae8 25. f3 Rd8 26. Rf5 Bd4 27. Bxd4+
Rxd4 28. hxg5 hxg5 29. Rxg5+ Kf6 30. Qc1 Rd1+ 31. Qxd1 Kxg5 32. Rb3 Qe5 33. f4+
Qxf4 34. Rf3 Qh2+ 35. Kf2 Qh4+ 36. Ke3 Kg6 37. Qd6+ f6 38. Rg3+ Kf7 39. Qd5+
Kf8 40. Qa8+ Kf7 41. Qxa7+ Kf8 42. Qb8+ Kf7 43. Qc7+ Kf8 44. Kd3 Qh1 45. Qd8+
Kf7 46. Qd5+ Kf8 47. Kc2 Qh7 48. Rh3 Qg8 49. Qd8+ 1-0

[Event "Spanish League 2011"]
[Site "Melilla ESP"]
[Date "2011.11.25"]
[Round "6"]
[White "Dreev, A."]
[Black "Fedorchuk, S."]
[Result "1/2-1/2"]
[WhiteElo "2710"]
[BlackElo "2632"]
[PlyCount "83"]
[EventDate "2011.11.21"]
[WhiteTeam "CA Reverte Albox"]
[BlackTeam "Cajacanarias"]

1. d4 Nf6 2. c4 e6 3. Nc3 Bb4 4. Qc2 O-O 5. a3 Bxc3+ 6. Qxc3 d5 7. Nf3 dxc4 8.
Qxc4 b6 9. Bg5 Ba6 10. Qa4 c5 11. dxc5 bxc5 12. Rc1 h6 13. Bh4 Qd7 14. Qxd7
Nbxd7 15. e3 Bxf1 16. Rxf1 Rfb8 17. Rc2 Rb5 18. Nd2 Rab8 19. b3 Ra5 20. a4 Nb6
21. Bg3 Rb7 22. Ke2 c4 23. Rfc1 Nh5 24. bxc4 Nxg3+ 25. hxg3 Rxa4 26. Nf3 Rc7
27. c5 Nd5 28. Nd4 Nb4 29. Nb5 Rc6 30. Nd4 Rc7 31. Rd2 Nc6 32. f4 Ra5 33. Rb2
g6 34. Rcc2 Ra4 35. Nb5 Rb7 36. Nd6 Rbb4 37. Rd2 Kf8 38. Nc8 Rxb2 39. Rxb2 Rc4
40. Rb7 Rc2+ 41. Kf3 Rxc5 42. Nxa7 1/2-1/2

[Event "Spanish League 2011"]
[Site "Melilla ESP"]
[Date "2011.11.25"]
[Round "6"]
[White "Ponomariov, R."]
[Black "Harikrishna, P."]
[Result "1-0"]
[WhiteElo "2723"]
[BlackElo "2673"]
[PlyCount "101"]
[EventDate "2011.11.21"]
[WhiteTeam "Gros Xake Taldea"]
[BlackTeam "CA Solvay"]

1. d4 Nf6 2. c4 e6 3. Nf3 b6 4. g3 Ba6 5. b3 b5 6. cxb5 Bxb5 7. Bg2 d5 8. O-O
Nbd7 9. Nc3 Ba6 10. Ne5 Bd6 11. Bf4 O-O 12. Nc6 Qe8 13. Bxd6 cxd6 14. Qd2 Nb6
15. Na5 Rc8 16. Rfc1 Qd8 17. a4 Nc4 18. Nxc4 dxc4 19. b4 Rb8 20. b5 Bb7 21. d5
a6 22. e4 exd5 23. exd5 axb5 24. Nxb5 Rc8 25. Qd4 Rc5 26. Rxc4 Bxd5 27. Nxd6
Ra5 28. Nb7 Bxb7 29. Qxd8 Rxd8 30. Bxb7 g5 31. Rc6 Kg7 32. Ra6 Rxa6 33. Bxa6
Ra8 34. Bb5 Ra5 35. Rc1 h6 36. Kf1 Ra7 37. Ra1 Ne4 38. Ra3 Nd6 39. Bd3 Ra5 40.
Ke2 Kf6 41. Kd2 Ke7 42. Kc3 g4 43. Kb4 Rh5 44. a5 Nc8 45. Rc3 Kd8 46. Be2 Rxh2
47. Bxg4 f5 48. Bxf5 Nd6 49. Rf3 h5 50. a6 Rh1 51. Ra3 1-0